000 00341nam a22001217a 4500
999 _c2795
_d2795
005 20200924111430.0
008 200924b ||||| |||| 00| 0 eng d
020 _a27439
040 _cCML
245 _aThe World Book Encyclopedia: I.
260 _aLondon
_bWorld Book, Inc.
_c1990
942 _2ddc
_cBK
_eVolume 10
_h030
_kR
_mWOR